Nociones sobre nivel de vida familiar, asignaciones y beneficios familiares

Salvato in:
Dettagli Bibliografici
Autore principale: Víquez Núñez, Alvaro
Natura: testo
Pubblicazione: San José: Caja Costarricense de Seguro Social
Tags: Aggiungi Tag
Nessun Tag, puoi essere il primo ad aggiungerne!!

MARC

LEADER 00000 a a2200000 04500
001 17575
003
040
090 |a EXTRAVIADO  
100 |a Víquez Núñez, Alvaro  
245 |a Nociones sobre nivel de vida familiar, asignaciones y beneficios familiares  
260 |a San José:   |b Caja Costarricense de Seguro Social  
300 |a 44 p.  
999 |c 13971  |d 13971